GOATS - Statistics

General Stats
  • This quiz has been taken 1,548 times
    1,484 since last reset
  • The average score is 20 of 81
Answers on the Grid
Answers color-coded by a green-red scale on the quiz's grid according to % correct below.
GOATS
GOATS
GOATS
GOATS
GOATS
GOATS
GOATS
GOATS
GOATS
GOATS
GOATS
GOATS
GOATS
GOATS
GOATS
GOATS
GOATS
GOATS
GOATS
GOATS
GOATS
GOATS
GOATS
GOATS
GOATS
GOATS
GOATS
GOATS
GOATS
GOATS
GOATS
GOATS
GOATS
GOATS
GOATS
GOATS
GOATS
GOATS
GOATS
GOATS
GOATS
GOATS
GOATS
GOATS
GOATS
GOATS
GOATS
GOATS
GOATS
GOATS
GOATS
GOATS
GOATS
GOATS
GOATS
GOATS
GOATS
GOATS
GOATS
GOATS
GOATS
GOATS
GOATS
GOATS
GOATS
GOATS
GOATS
GOATS
GOATS
GOATS
GOATS
GOATS
GOATS
GOATS
GOATS
GOATS
GOATS
GOATS
GOATS
GOATS
GOATS
GOATS
GOATS
GOATS
 
Answer Stats
Answer % Correct
GOATS
32%
GOATS
32%
GOATS
31%
GOATS
31%
GOATS
30%
GOATS
30%
GOATS
29%
GOATS
29%
GOATS
29%
GOATS
29%
GOATS
29%
GOATS
29%
GOATS
28%
GOATS
28%
GOATS
28%
GOATS
28%
GOATS
27%
GOATS
27%
GOATS
27%
GOATS
27%
GOATS
27%
GOATS
26%
GOATS
26%
GOATS
26%
GOATS
26%
GOATS
26%
GOATS
26%
GOATS
26%
GOATS
26%
GOATS
26%
GOATS
26%
GOATS
26%
GOATS
25%
GOATS
25%
GOATS
25%
GOATS
25%
GOATS
25%
GOATS
25%
GOATS
25%
GOATS
25%
GOATS
25%
GOATS
25%
GOATS
25%
GOATS
25%
GOATS
24%
GOATS
24%
GOATS
24%
GOATS
24%
GOATS
24%
GOATS
24%
GOATS
24%
GOATS
23%
GOATS
23%
GOATS
23%
GOATS
23%
GOATS
23%
GOATS
22%
GOATS
22%
GOATS
22%
GOATS
22%
GOATS
22%
GOATS
22%
GOATS
22%
GOATS
21%
GOATS
21%
GOATS
21%
GOATS
21%
GOATS
20%
GOATS
20%
GOATS
20%
GOATS
20%
GOATS
19%
GOATS
19%
GOATS
19%
GOATS
19%
GOATS
19%
GOATS
19%
GOATS
18%
GOATS
18%
GOATS
17%
GOATS
15%
No matching quizzes found
Score Distribution
Percent of People with Each Score
Percentile by Number Answered
Your Score History
You have not taken this quiz since the last reset